[Event "Mittelfranken-chT 0405"]
[Site "Germany"]
[Date "2005.04.17"]
[Round "9.8"]
[White "Tesch, Waldemar"]
[Black "Balhar, Michael"]
[Result "1/2-1/2"]
[WhiteElo "1688"]
[BlackElo "1667"]
[PlyCount "60"]
[EventDate "2004.10.17"]
[EventType "team"]
[EventRounds "9"]
[EventCountry "GER"]
[SourceTitle "EXT 2007"]
[Source "ChessBase"]
[SourceDate "2006.11.23"]
[SourceVersion "1"]
[SourceVersionDate "2006.11.23"]
[SourceQuality "1"]

1. c4 c5 2. Nc3 Nf6 3. e4 Nc6 4. g3 g6 5. Bg2 Bg7 6. d3 d6 7. Nge2 0-0 8. 0-0 Rb8 9. Rb1 Ne8 10. h3 Nc7 11. b3 Ne6 12. Kh2 Ned4 13. Bb2 a6 14. f4 f5 15. Qd2 e5 16. Nxd4 Nxd4 17. Rf2 exf4 18. gxf4 b5 19. Ne2 Nxe2 20. Qxe2 Bb7 21. Bxg7 Kxg7 22. Re1 Qh4 23. e5 Bxg2 24. Kxg2 Rfe8 25. Qf3 Qe7 26. Qc6 Qb7 27. Qd5 dxe5 28. fxe5 Red8 29. Qxb7+ Rxb7 30. Re3 Rbd7 1/2-1/2

[Event "Mittelfranken-chT 0405"]
[Site "Germany"]
[Date "2005.03.13"]
[Round "7.8"]
[White "Sarec, Ivica"]
[Black "Tesch, Waldemar"]
[Result "1-0"]
[WhiteElo "2022"]
[BlackElo "1688"]
[PlyCount "65"]
[EventDate "2004.10.17"]
[EventType "team"]
[EventRounds "9"]
[EventCountry "GER"]
[SourceTitle "EXT 2007"]
[Source "ChessBase"]
[SourceDate "2006.11.23"]
[SourceVersion "1"]
[SourceVersionDate "2006.11.23"]
[SourceQuality "1"]

1. c4 e5 2. Nc3 d6 3. Nf3 g6 4. d4 Nc6 5. d5 Nce7 6. e4 Bg7 7. Bd3 h6 8. Be3 Bg4 9. Qb3 b6 10. Nd2 g5 11. h4 Ng6 12. hxg5 hxg5 13. Rxh8 Bxh8 14. f3 Bd7 15. 0-0-0 Nf4 16. Bf1 Bf6 17. g3 Ng6 18. Ne2 a6 19. Kb1 a5 20. Bg2 Kf8 21. Rh1 a4 22. Qd3 a3 23. b3 Kg7 24. f4 exf4 25. gxf4 g4 26. Ng3 Kf8 27. Nh5 Bh8 28. Bd4 Bxd4 29. Qxd4 f6 30. e5 Bf5+ 31. Be4 dxe5 32. fxe5 fxe5 33. Qf2 1-0

[Event "Mittelfranken-chT 0405"]
[Site "Germany"]
[Date "2004.12.05"]
[Round "3.8"]
[White "Reincke, Peter Uwe"]
[Black "Tesch, Waldemar"]
[Result "1-0"]
[WhiteElo "1750"]
[BlackElo "1688"]
[PlyCount "57"]
[EventDate "2004.10.17"]
[EventType "team"]
[EventRounds "9"]
[EventCountry "GER"]
[SourceTitle "EXT 2007"]
[Source "ChessBase"]
[SourceDate "2006.11.23"]
[SourceVersion "1"]
[SourceVersionDate "2006.11.23"]
[SourceQuality "1"]

1. c4 c5 2. Nc3 Nc6 3. e3 e5 4. g3 g6 5. a3 Bg7 6. Bg2 Nge7 7. Nge2 0-0 8. 0-0 d6 9. Rb1 Rb8 10. b4 b6 11. b5 Na5 12. d3 Be6 13. Bd2 h6 14. e4 Kh7 15. f4 f5 16. Qc1 Qd7 17. fxe5 dxe5 18. Nd5 Nb7 19. Bc3 Nd6 20. Qb2 fxe4 21. Bxe4 Nf7 22. Ndf4 Nf5 23. Nxg6 Kxg6 24. g4 Ng5 25. gxf5+ Bxf5 26. Rxf5 Nxe4 27. dxe4 Kh7 28. Rbf1 Rxf5 29. Rxf5 1-0